V. I. Lê-Nin toàn tập T.42.

Chủ nghĩa Mác - Lê Nin là một học thuyết quốc tế. Những tư tưởng cao cả của nó đã chỉ ra cho toàn thể nhân loại con đường đi tới tương lai tươi sáng..... .

Сохранить в:
Библиографические подробности
Главный автор: Lê-Nin, V.I., 1870-1924.
Формат:
Язык:Vietnamese
Опубликовано: Hà Nội : Sự thật, 1977.
Предметы:
Метки: Добавить метку
Нет меток, Требуется 1-ая метка записи!
Thư viện lưu trữ: Mạng thư viện Đại học Đà Nẵng
LEADER 01047cam a2200337 i 4500
001 000043734
003 1780
005 20030930151614.0
008 010217b1977 vm 000 vie
040 |a IRC  |c IRC  |d IRC 
041 0 |a vie 
082 1 4 |a 335.402  |b LÊ-N 
100 1 |a Lê-Nin, V.I.,  |d 1870-1924. 
245 0 0 |a V. I. Lê-Nin toàn tập  |n T.42. 
260 |a Hà Nội :  |b Sự thật,  |c 1977. 
300 |a 765tr. ;  |c 20,5cm. 
520 3 |a Chủ nghĩa Mác - Lê Nin là một học thuyết quốc tế. Những tư tưởng cao cả của nó đã chỉ ra cho toàn thể nhân loại con đường đi tới tương lai tươi sáng..... . 
600 1 5 |a Lenin, Vladimir Ilich,  |d 1870-1924. 
630 0 4 |a Lê Nin. 
630 0 4 |a Toàn tập. 
650 0 4 |a Lenin, Vladimir Ilich,  |d 1870-1924. 
OWN |a DUT 
999 |a From the UDN01 
TYP |a Monograph 
TYP |a Printed language 
980 |a Mạng thư viện Đại học Đà Nẵng